Phobias #1 - Statistics

General Stats
  • This quiz has been taken 33 times
  • The average score is 13 of 23
Answer Stats
Phobia Fear of... % Correct
Insectophobia insects
90%
Necrophobia death
86%
hydrophobia water
86%
Germaphobia germs
81%
arachnophobia spiders
81%
Bibliophobia books
76%
Somniphobia sleep
71%
Pedophobia children
67%
Xenophobia strangers
67%
Pyrophobia fire
62%
aerophobia flying
62%
acrophobia heights
62%
claustrophobia tight spaces
62%
Dentophobia dentists
52%
Phobophobia phobias
52%
Glossophobia public speaking
43%
Philophobia love
38%
Chromophobia colors
29%
Nyctophobia dark
29%
Agoraphobia public spaces
29%
ophidiophobia snakes
29%
Mortuusequusphobia ketchup
14%
Arachibutyrophobia getting peanut butter stuck to the roof of your mouth
5%
No matching quizzes found
Score Distribution
Percent of People with Each Score
Percentile by Number Answered
Your Score History
You have not taken this quiz